000 00696nam a2200265Ia 4500
005 20260302114501.0
008 008 260114s9999 xx 000 0 eng d
020 _a9781472579201
037 _aTextbook
040 _aCRL
040 _beng
040 _cCRL
041 _2eng
041 _aeng
084 _qCRL
100 _aBertolt Brecht
_91118906
245 0 _aBertolt Brecht's Me-ti Book of Interventions in the Flow of Things
260 _bBloomsbury
260 _bMethuen Drama
260 _c2016
650 _aPhilosophy
856 _uhttps://doi.org/10.5040/9781472579201?locatt=label:secondary_bloomsburyCollections
942 _cEBOOK
999 _c1682715
_d1682715